000 00297nam a22001337a 4500
008 181106b xxu||||| |||| 00| 0 eng d
020 _a1560533080
041 _aeng
080 _2 2nd
_a610
100 _a4
101 _aSHM
245 _aSports Medicine Secrets
_cMellion,M.B
942 _2udc
_cBK
999 _c51989
_d51989